Les 4 saisons dans différentes langues. - Statistiques

Statistiques générales
  • Ce quiz a été pris 83 fois
  • Le résultat moyen est 9 sur 12
Statistiques - réponses
Printemps Été Automne Hiver Langue % Correct
Spring Summer Autumn Winter Anglais
100%
Frühling Sommer Herbst Winter Allemand
97%
Primavera Verano Otoño Invierno Espagnol
97%
Primavera Estate Autunno Inverno Italien
89%
春天 夏天 秋天 冬天 Chinois
83%
Primavera Verão Outono Inverno Portugais
74%
άνοιξη καλοκαίρι φθινόπωρο χειμώνας Grec
71%
🌷 ☀️ 🍂 ❄️ Emoji
70%
Årstider Sommer Høst Vinter Norvégien
61%
Wiosna Lato Jesień Zima Polonais
59%
Lente Zomer Herfst Winter Néerlandais
54%
Forår Sommer Efterår Vinter Danois
53%
Aucun quiz correspondant
Distribution des résultats
% des personnes avec chaque résultat
Percentile par nombre de réponses
Votre historique - résultats
Vous n’avez pas pris ce quiz